1652 1006 1502 1846 1675 1844 1010 1016 1164 1873 1768 1644 1595 1439 1926 1738 1936 1697 1957 1564 1056 1536 1149 1997 1533 1251 1057 1141 1449 1300 1727 1952 1783 1100 1190 1370 1071 1314 1459 1535 1179 1293 1681 1890 1015 1505 1228 1405 1104 1751 1170 1542 1027 1463 1166 1478 1784 1583 1206 1596 1664 1964 1557 1904 1875 1957 1775 1285 1354 1288 1746 1866 1538 1996 1922 1966 1692 1477 1297 1911 1035 1216 1366 1613 1250 1239 1668 1526 1554 1950 1112 1060 1845 1053 1919 1314 1831 1764 1032 BCNSPRNW ULIB Ver.6.0+V

เปลี่ยนเป็นภาษาไทย

Change to English
 แสดงรายละเอียดบรรณานุกรม
  กลับหน้าหลัก

Brief Record : Get Marc (ISO 2709) : E-mail record : QR code < ปิดหน้าต่าง
LEADER : 00000nam 2200000uu 4500
001    13399113574
003     ULIB
008    020711s2549 th a 000 0 tha d
020    ^a97897438963
090    ^aนว.ส693ส 2549
100    ^aสุภฤกษ์ บุญทอง
245    ^aสามก๊ก (ฉบับการ์ตูน)/^cสุภฤกษ์ บุญทอง
250    ^aพิมพ์ครั้งที่ 1
260    ^aปทุมธานี :^bสกายบุคส์,^c2549
300    ^a444 หน้า
945    ^p0^l0^i018640
995    ทศพร
999 ^a ทศพร
รายการนี้ยังไม่มีแท็ก
คุณยังไม่ได้ล็อกอิน คุณสามารถมีกิจกรรมร่วมกับเว็บไซต์ได้ แต่ต้องล็อกอินก่อน ::
  ล็อกอิน

รายการสื่อสารสนเทศ

ลำดับที่ ประเภท เลขเรียก/บาร์โค้ด สถานที่ สถานะ
1. นวนิยาย
นวนิยาย
นว.ส693ส 2549 ฉ.1 
  Barcode: 018640
ห้องสมุดวิทยาเขตสวรรค์ประชารักษ์
►นวนิยาย
บนชั้น
  ขอยืม

รายการใกล้เคียง
    ผู้แต่ง [สุภฤกษ์ บุญทอง]

BibComment


ยังไม่เคยถูกคอมเมนท์

คอมเมนท์ทรัพยากรรายการนี้
  คอมเมนท์: สามก๊ก ฉบับการ์ต..


 Copyright 2026. Bcnsprnw @Library